| 000 | 03419nam a2200397 a 4500 | ||
|---|---|---|---|
| 005 | 2010121604254.0 | ||
| 010 | _aB-419018-033 | ||
| 020 |
_a9788131719244 _c385.00 |
||
| 035 | _aB-419018-033 | ||
| 037 | _bUBH | ||
| 082 | _a539.7 | ||
| 100 |
_aSharma, Shatendra _924891 |
||
| 245 |
_aAtomic and nuclear physics / _cby Shatendra Sharma |
||
| 260 |
_aNew Delhi _bPearson Educations _c2008 |
||
| 270 |
_a14, Local Shopping Centre, Panchsheel Park _bNew Delhi _e110017 |
||
| 300 |
_axix, 599p. _c26cm(pbk) |
||
| 500 | _aIncludes index | ||
| 942 |
_2ddc _cEN _mSHA _h539.7 |
||
| 999 |
_c35948 _d35948 |
||